000 01015nam a22002537a 4500
005 20240530110525.0
008 150531s2010 ua a g 000 0 ara d
017 _a24301
_bمصر . دار الكتب المصرية
020 _a9789773771096
040 _aEG-CaGPL
082 0 4 _221
_a332.6\
_bع إ
100 0 _aعادل رزق .
245 1 0 _aادارة الازمات المالية العالمية :
_bمنظومة الاصلاح الادارى بين النظرية و التطبيق /
_cتاليف عادل رزق .
250 _aط1.
260 _aالقاهرة :
_bمجموعة النيل العربية ،
_c2010 .
300 _a528 ص ؛
_c24 سم .
650 0 4 _aالازمة المالية العالمية .
650 0 4 _aحوكمة البنوك .
650 0 4 _aخصخصة البنوك .
650 0 4 _aالازمة المالية العالمية
_xاسباب .
650 0 4 _aالازمات الاقتصادية .
942 _2ddc
_cBK
999 _c61965
_d61965